000 00467cam a2200145 4500500
005 20260111093418.0
041 _afre
042 _adc
100 1 0 _aMiossec, Alain
_eauthor
245 0 0 _aRevue Abysse, n° 1, Reliefs, 2016, 200 p., 19€
260 _c2016.
500 _a77
786 0 _nLa Géographie | 1561 | 2 | 2016-04-01 | p. 54l-61l | 1964-9002
856 4 1 _uhttps://shs.cairn.info/revue-la-geographie-2016-2-page-54l?lang=fr&redirect-ssocas=7080
999 _c1626286
_d1626286